000 00704nam a2200217Ia 4500
003 GCL
008 140319s9999 xx 000 0 ara d
020 _a3051409977
040 _aGCL /
_cGCL
082 0 4 _a812.9
_bج ح
100 1 _aجبران خليل جبران
245 1 0 _aحديقة النبى :
_bترجمة موازية للنصين الانجليزى والعربى /
_cجبران خليل جبران
700 1 _aكمال زاخر لطيف
250 _aالتاسعة
260 _aالقاهرة :
_bدار الشروق ،
_c1950
300 _a64 ص ؛
_c20 سم
490 _a
650 0 4 _aالقصص العربية
650 0 4 _aالقصص المترجمة
942 _2ddc
_cBK
999 _c40222
_d40222